000
00274nam a2200121Ia 4500
005
20251222153648.0
008
251222s9999||||xx |||||||||||||| ||spa||
082
_a
610/G37
100
_a
Germá, José R.
245
0
_a
Tumores Germinales
264
_b
ONCOLOGY
942
_c
LIB
999
_c
33023
_d
33023